<?xml version="1.0" encoding="UTF-8"?>
<record
    xmlns:xsi="http://www.w3.org/2001/XMLSchema-instance"
    xsi:schemaLocation="http://www.loc.gov/MARC21/slim http://www.loc.gov/standards/marcxml/schema/MARC21slim.xsd"
    xmlns="http://www.loc.gov/MARC21/slim">

  <leader>01737nam a22002177a 4500</leader>
  <controlfield tag="005">20250610141440.0</controlfield>
  <controlfield tag="008">250610b        |||||||| |||| 00| 0 eng d</controlfield>
  <datafield tag="020" ind1=" " ind2=" ">
    <subfield code="a">9789387022898</subfield>
  </datafield>
  <datafield tag="040" ind1=" " ind2=" ">
    <subfield code="c">AL</subfield>
  </datafield>
  <datafield tag="041" ind1=" " ind2=" ">
    <subfield code="a">English</subfield>
  </datafield>
  <datafield tag="082" ind1=" " ind2=" ">
    <subfield code="2">23</subfield>
    <subfield code="a">305.51</subfield>
    <subfield code="b">AMBA</subfield>
  </datafield>
  <datafield tag="100" ind1=" " ind2=" ">
    <subfield code="a">B R Ambedkar</subfield>
    <subfield code="9">213957</subfield>
  </datafield>
  <datafield tag="245" ind1=" " ind2=" ">
    <subfield code="a">Ambedkars India</subfield>
  </datafield>
  <datafield tag="260" ind1=" " ind2=" ">
    <subfield code="a">New Delhi</subfield>
    <subfield code="b">Srishti Publishers and Distributors</subfield>
    <subfield code="c">2020</subfield>
  </datafield>
  <datafield tag="300" ind1=" " ind2=" ">
    <subfield code="a">vii,144p.</subfield>
    <subfield code="b">PB</subfield>
    <subfield code="c">20x13cm.</subfield>
  </datafield>
  <datafield tag="365" ind1=" " ind2=" ">
    <subfield code="b">&#x20B9;175.00</subfield>
    <subfield code="c">&#x20B9;</subfield>
    <subfield code="d">&#x20B9;175.00</subfield>
  </datafield>
  <datafield tag="520" ind1=" " ind2=" ">
    <subfield code="a">AMBEDKAR&#x2019;S INDIA is a collection of three of B.R. Ambedkar&#x2019;s most prominent speeches on caste and the Indian Constitution. &#x201C;In the fight for Swaraj, you fight with the whole nation on your side. In fighting caste system, you stand against the whole nation &#x2013; and that too, your own.&#x201D; &#x201C;Annihilation of Caste&#x201D; is one of Ambedkar&#x2019;s best works in putting together how caste as a system has been eating up the roots of a rich cultural melting pot like India. &#x201C;Bhakti in religion could lead to salvation. But in politics, Bhakti is a sure road to eventual dictatorship.&#x201D; &#x201C;The Grammar of Anarchy&#x201D; reflects Ambedkar&#x2019;s ideas on how we need to pave the way for Independent India. It reflects his deep love and aspirations for India and its people. &#x201C;&#x2026;the sub-divisions [of caste] have lost the open-door character of the class system, and have become self-enclosed units called castes.&#x201D; &#x201C;Castes in India: Their Mechanism, Genesis and Development&#x201D; is an in-depth study of how classes went on to become castes and sub-castes to dot the Indian social system. This powerful narrative is a radical eye-opener.</subfield>
  </datafield>
  <datafield tag="650" ind1=" " ind2=" ">
    <subfield code="a">On Castes and the Constitution</subfield>
    <subfield code="9">213958</subfield>
  </datafield>
  <datafield tag="650" ind1=" " ind2=" ">
    <subfield code="a">a collection of 3works </subfield>
    <subfield code="9">213959</subfield>
  </datafield>
  <datafield tag="942" ind1=" " ind2=" ">
    <subfield code="2">ddc</subfield>
    <subfield code="c">DB</subfield>
  </datafield>
  <datafield tag="999" ind1=" " ind2=" ">
    <subfield code="c">234393</subfield>
    <subfield code="d">234393</subfield>
  </datafield>
  <datafield tag="952" ind1=" " ind2=" ">
    <subfield code="0">0</subfield>
    <subfield code="1">0</subfield>
    <subfield code="2">ddc</subfield>
    <subfield code="4">0</subfield>
    <subfield code="7">0</subfield>
    <subfield code="8">PS</subfield>
    <subfield code="a">AL</subfield>
    <subfield code="b">AL</subfield>
    <subfield code="d">2025-05-20</subfield>
    <subfield code="g">175.00</subfield>
    <subfield code="l">5</subfield>
    <subfield code="m">1</subfield>
    <subfield code="o">305.51 AMBA</subfield>
    <subfield code="p">D06287</subfield>
    <subfield code="r">2025-09-30 14:18:54</subfield>
    <subfield code="s">2025-09-09</subfield>
    <subfield code="v">175.00</subfield>
    <subfield code="w">2025-06-10</subfield>
    <subfield code="y">DB</subfield>
    <subfield code="z">Donated by Rohan Jeethan Dsa</subfield>
  </datafield>
</record>
